Представление документа в формате RUSMARC

ПолеНазваниеЗначение
  Тип записи a
  Библиографический уровень c
001 Контрольный номер RU/SLIB/B/208781683
005 Дата корректировки 20201206204344.6
010 Индекс ISBN __
d Цена 3-40
101 Язык документа __
a Язык текста rus
200 Заглавие и сведения об ответственности 1_
a Заглавие Брат океана
e Сведения, относящиеся к заглавию в 4 т. : романы
f Первые сведения об ответственности А. В. Кожевников
b Общее обозначение материала Текст
i Наименование части Живая вода
210 Выходные данные __
a Место издания М.
c Издательство Худож. лит.
d Дата издания 1978
215 Физическое описание __
a Объем 862 с.
327 Примечание о содержании __
a Примечание о содержании Живая вода
330 Аннотация __
a Аннотация В романе "Брат океана" показываются те изменения, которые внесла в жизнь народов Севера Октябрьская революция. В романе "Живая вода" открывается современный облик Хакассии.
461 Уровень набора __
1 2001
a Собрание сочинений
v Т. 2
606 Тематические рубрики __
a Основная рубрика Художественная литература
z Хронологическая подрубрика 20 в.
y Географическая подрубрика Россия
606 Тематические рубрики __
a Основная рубрика Русская литература XX в. (произведения)
610 Ключевые слова __
a Ключевые слова проза; прозаики; романы; советская литература; народы Севера; тема революции
686 Индексы других классификаций __
a Классификационный индекс 84(2Рос=Рус)6-4
700 Автор _1
a Фамилия Кожевников
b Имя А. В.
4 Код отношения 070
801 Источник записи _0
a Страна RU
b Организация Муниципальное бюджетное учреждение культуры "Централизованная библиотечная система" г. Сургут (Центральная городская библиотека им. А. С. Пушкина)
g Правила каталогизации КиК/Чорнонос Е.В.
801 Источник записи _1
a Страна RU
b Организация Муниципальное бюджетное учреждение культуры "Централизованная библиотечная система" г. Сургут (Центральная городская библиотека им. А. С. Пушкина)
g Правила каталогизации КиК/Чорнонос Е.В.
852 Данные о местонахождении __
j Шифр хранения 84(2Рос=Рус)6-4
i Авторский знак К 58
p Инвентарный номер 105209(с); 126879(с)
901 Тип документа __
t Тип документа x
969 Тип издания __
a Тип издания сборник
990 Данные о заказе (DOS) __
j Количество экземпляров (DOS) 1; 2
t N записи в КСУ для И/У (DOS) ретро